Largest European Cities Through History Quiz Stats

 Plays Quiz not verified by Sporcle

Challenge
Share
Tweet
Embed
Score 0/30 Timer 05:00
0 Plays Today
Year City % Correct
1700London
99.2%
1800London
99.2%
1400Paris
98.8%
1700Paris
98.8%
1800Paris
98.8%
1700Rome
96.6%
1700Moscow
90%
1800Moscow
87.3%
1700Constantinople
81.5%
1800Vienna
78.7%
1800Constantinople
77.3%
1700Amsterdam
76.8%
1400Milan
76.3%
1700Milan
76.3%
1800Amsterdam
75.6%
Year City % Correct
1800Lisbon
72.5%
1800St. Petersburg
72.1%
1400Venice
71%
1700Venice
71%
1800Naples
69.8%
1700Lisbon
68.3%
1700Naples
63.9%
1800Dublin
59.3%
1400Prague
59%
1400Genoa
35.5%
1400Seville
32.8%
1400Granada
18.4%
1400Bruges
16.9%
1400Ghent
12.8%
1400Rouen
7.8%

You're not logged in!

Compare scores with friends on all Sporcle quizzes.
OR
Log In

You Might Also Like...

Show Comments

Extras

Top Quizzes Today


Score Distribution

Your Account Isn't Verified!

In order to create a playlist on Sporcle, you need to verify the email address you used during registration. Go to your Sporcle Settings to finish the process.

Report this User

Report this user for behavior that violates our Community Guidelines.

Details: